| 000 | 00419cam a2200169ua 4500 | ||
|---|---|---|---|
| 001 | 3617 | ||
| 008 | 111122n ii |||gr||||Z||||||eng | ||
| 040 | _cMAIN | ||
| 100 | 1 |
_aArshad, _eAuthor. |
|
| 245 | 1 | 1 |
_aGuide to Small scale industries _cby Arshad |
| 250 | _a1st. | ||
| 260 |
_aNew Delhi: _bKumar Publication. |
||
| 300 | _a225p:5cm. | ||
| 653 | _aEnglish | ||
| 653 | _aGuide to Small scale industries | ||
| 942 | _cBK | ||
| 999 |
_c3458 _d3458 |
||